000 00335nam a22001457a 4500
008 210311b ||||| |||| 00| 0 eng d
020 _a9780072996906
041 _aeng
080 _24th
_a33
082 _a33
100 _a59
101 _aBIZ
245 _aBusiness Ethics Policies and Persons
_cGoodpaster, K. E
942 _2udc
_cBK
999 _c56403
_d56403